<?xml version="1.0" encoding="UTF-8"?><?xml-stylesheet type="text/xsl" href="static/style.xsl"?><OAI-PMH xmlns="http://www.openarchives.org/OAI/2.0/" xmlns:xsi="http://www.w3.org/2001/XMLSchema-instance" xsi:schemaLocation="http://www.openarchives.org/OAI/2.0/ http://www.openarchives.org/OAI/2.0/OAI-PMH.xsd"><responseDate>2026-06-06T02:06:05Z</responseDate><request verb="GetRecord" identifier="oai:riuma.uma.es:10630/28086" metadataPrefix="marc">https://riuma.uma.es/rest/oai/request</request><GetRecord><record><header><identifier>oai:riuma.uma.es:10630/28086</identifier><datestamp>2026-02-03T12:14:16Z</datestamp><setSpec>com_10630_2254</setSpec><setSpec>col_10630_37959</setSpec></header><metadata><record xmlns="http://www.loc.gov/MARC21/slim" xmlns:dcterms="http://purl.org/dc/terms/" xmlns:doc="http://www.lyncode.com/xoai" xmlns:xsi="http://www.w3.org/2001/XMLSchema-instance" xsi:schemaLocation="http://www.loc.gov/MARC21/slim http://www.loc.gov/standards/marcxml/schema/MARC21slim.xsd">
   <leader>00925njm 22002777a 4500</leader>
   <datafield ind2=" " ind1=" " tag="042">
      <subfield code="a">dc</subfield>
   </datafield>
   <datafield ind2=" " ind1=" " tag="720">
      <subfield code="a">López-Ramírez, Sandro</subfield>
      <subfield code="e">author</subfield>
   </datafield>
   <datafield ind2=" " ind1=" " tag="720">
      <subfield code="a">Real-Giménez, Raimundo</subfield>
      <subfield code="e">author</subfield>
   </datafield>
   <datafield ind2=" " ind1=" " tag="720">
      <subfield code="a">Muñoz-Gallego, Antonio Román</subfield>
      <subfield code="e">author</subfield>
   </datafield>
   <datafield ind2=" " ind1=" " tag="260">
      <subfield code="c">2023</subfield>
   </datafield>
   <datafield ind2=" " ind1=" " tag="520">
      <subfield code="a">Ongoing climate change is causing latitudinal shifts in many species to adjust their distributions to climatic conditions. These changes are of particular relevance in southern Europe and northern Africa where a short-distance expansion of African species’ range toward the north represents a major step in biogeographical terms, as a new continent would be reached and colonised. In this way, species that were never in contact suddenly interacts with each other, generating changes in communities. In recent decades, southern Europe has been successfully colonised by different African bird species. In addition, there are other African birds that, although not yet established as breeders, are beginning to be observed regularly, as is the case of the Rüppell's Vulture (Gyps rueppellii), which is highly gregarious and forms communal feeding and roosting groups with Griffon Vultures (Gyps fulvus) in Africa and Europe. This study aims to determine if the climatic conditions of southern Europe are adequate to host this Critically Endangered African vulture. To this end, the distribution of the species in its native range was modelled, both in the present and in future climate scenarios, using its current breeding distribution area and a set of climatic and topographic variables. The influence of each factor was obtained using variation partitioning analysis. The results show that southern Europe is not favourable for the establishment of this sub-Saharan species, and future projections indicate that this favourability will be even lower. We propose that the increasing number of records of vagrant Rüppell’s Vultures in southern Europe may not be influenced by climate change, but by the support provided by the northward migration of Griffon Vultures for juvenile or immature individuals, especially during those years with extreme drought conditions.</subfield>
   </datafield>
   <datafield ind1="8" ind2=" " tag="024">
      <subfield code="a">https://hdl.handle.net/10630/28086</subfield>
   </datafield>
   <datafield tag="653" ind2=" " ind1=" ">
      <subfield code="a">Cambios climáticos</subfield>
   </datafield>
   <datafield tag="653" ind2=" " ind1=" ">
      <subfield code="a">Buitres - Migración</subfield>
   </datafield>
   <datafield tag="653" ind2=" " ind1=" ">
      <subfield code="a">Buitres - Adaptación</subfield>
   </datafield>
   <datafield ind2="0" ind1="0" tag="245">
      <subfield code="a">Is southern Europe environmentally favourable for the long-term establishment of Rüppell's Vulture (Gyps rueppelli)?</subfield>
   </datafield>
</record>
</metadata></record></GetRecord></OAI-PMH>